La escuela y los medios (Record no. 10978)
[ view plain ]
| 000 -LEADER | |
|---|---|
| campo de control de longitud fija | 00802nmc a2200301 a 4500 |
| 003 - IDENTIFICADOR DE NÚMERO DE CONTROL | |
| campo de control | AR-BaBNM |
| 005 - FECHA Y HORA DE LA ÚLTIMA TRANSACCIÓN | |
| campo de control | 20251128205331.0 |
| 008 - DATOS DE LONGITUD FIJA--INFORMACIÓN GENERAL | |
| campo de control de longitud fija | 011101s1997 ||||||||||||||000 | spa|| |
| 020 ## - NÚMERO INTERNACIONAL ESTÁNDAR DEL LIBRO | |
| Número Internacional Estándar del Libro | 950-701-378-4 |
| 040 ## - FUENTE DE CATALOGACIÓN | |
| Centro/agencia transcriptor | AR-BaBNM |
| 100 1# - ENTRADA PRINCIPAL--NOMBRE DE PERSONA | |
| Nombre de persona | Morduchowicz, Roxana |
| 245 10 - MENCIÓN DEL TÍTULO | |
| Título | La escuela y los medios |
| Resto del título | un binomio necesario |
| 250 ## - MENCION DE EDICION | |
| Mención de edición | 1ª ed. |
| 260 ## - PUBLICACIÓN, DISTRIBUCIÓN, ETC. | |
| Lugar de publicación, distribución, etc. | Buenos Aires |
| Nombre del editor, distribuidor, etc. | Aique |
| Fecha de publicación, distribución, etc. | 1997 |
| 300 0# - DESCRIPCIÓN FÍSICA | |
| Extensión | 151 p. |
| 490 #0 - MENCIÓN DE SERIE | |
| Mención de serie | Estrategias de aula |
| 504 ## - NOTA DE BIBLIOGRAFÍA, ETC. | |
| Nota de bibliografía, etc. Nota | Bibliografía: p. 147-151 |
| 650 #4 - PUNTO DE ACCESO ADICIONAL DE MATERIA--TÉRMINO DE MATERIA | |
| Término de materia o nombre geográfico como elemento de entrada | MEDIOS DE COMUNICACION |
| 650 #4 - PUNTO DE ACCESO ADICIONAL DE MATERIA--TÉRMINO DE MATERIA | |
| Término de materia o nombre geográfico como elemento de entrada | TECNICAS DIDACTICAS |
| 650 #4 - PUNTO DE ACCESO ADICIONAL DE MATERIA--TÉRMINO DE MATERIA | |
| Término de materia o nombre geográfico como elemento de entrada | TELECOMUNICACION |
| 650 #4 - PUNTO DE ACCESO ADICIONAL DE MATERIA--TÉRMINO DE MATERIA | |
| Término de materia o nombre geográfico como elemento de entrada | TELEVISION |
| 650 #4 - PUNTO DE ACCESO ADICIONAL DE MATERIA--TÉRMINO DE MATERIA | |
| Término de materia o nombre geográfico como elemento de entrada | INFORMACION |
| 650 #4 - PUNTO DE ACCESO ADICIONAL DE MATERIA--TÉRMINO DE MATERIA | |
| Término de materia o nombre geográfico como elemento de entrada | UTILIZACION DE LA INFORMACION |
| 650 #4 - PUNTO DE ACCESO ADICIONAL DE MATERIA--TÉRMINO DE MATERIA | |
| Término de materia o nombre geográfico como elemento de entrada | TECNOLOGIA EDUCATIVA |
| 653 #0 - TÉRMINO DE INDIZACIÓN--NO CONTROLADO | |
| Término no controlado | TEMAS TRANSVERSALES |
| 942 ## - ELEMENTOS DE ENTRADA SECUNDARIOS (KOHA) | |
| Tipo de ítem Koha | Libros |
| 998 ## - INFORMACIÓN DE CONTROL LOCAL (RLIN) | |
| Iniciales del catalogador, CIN (RLIN) | SILVI |
| Estatus retirado | Estado de pérdida | Fuente de la clasificación o esquema de estantería | Estado de daño | No para préstamo | Biblioteca de origen | Biblioteca actual | Fecha de adquisición | Total de préstamos | Signatura topográfica completa | Código de barras | Visto por última vez | Precio de reemplazo | Tipo de ítem Koha | Restricciones de uso | Ubicación en estantería |
|---|---|---|---|---|---|---|---|---|---|---|---|---|---|---|---|
| Clasificación Decimal Dewey | Liberty | Liberty | 28/11/2025 | 371.68 MORD | 106385 | 28/11/2025 | 28/11/2025 | Libros | |||||||
| Clasificación Decimal Dewey | Liberty | Liberty | 28/11/2025 | 371.68 MORD | 106611 | 28/11/2025 | 28/11/2025 | Libros | |||||||
| Clasificación Decimal Dewey | Liberty | Liberty | 28/11/2025 | 371.68 MORD | 106610 | 28/11/2025 | 28/11/2025 | Libros | |||||||
| Clasificación Decimal Dewey | No para préstamo | Liberty | Liberty | 28/11/2025 | 371.68 MORD | 115296 | 28/11/2025 | 28/11/2025 | Libros | Acceso restringido |